| 000 | 00663nam a2200205 a 4500 | ||
|---|---|---|---|
| 005 | 20210223121518.0 | ||
| 008 | 991125s1983 fr 000 0 fre u | ||
| 020 | _a2709906988 | ||
| 035 | _aUPN01000019067 | ||
| 049 | _aCG | ||
| 050 | 4 |
_aDT549 _bB5.2 |
|
| 100 | 1 | _aBlanchet, Gules | |
| 245 | 1 | 0 |
_aElites et changements en Afrique et an Sénégal / _cGules Blanchet. |
| 260 |
_aParís : _bOrston, _c1983. |
||
| 300 | _a408 p. | ||
| 500 | _a"A la cabeza de la portada: Office de la Recherche Scientifique et technique outu-mer" | ||
| 651 | 4 |
_aAFRICA - _xCONDICIONES SOCIALES _92047 |
|
| 651 | 4 |
_aSENEGAL, REPUBLICA DEL - _xCONDICIONES SOCIALES |
|
| 905 | _aLibro | ||
| 999 |
_c19067 _d19067 |
||